000 00240nam a2200097Ia 4500
005 20251222152724.0
008 251222s9999||||xx |||||||||||||| ||spa||
082 _a239/V39/Ej.3
245 0 _aYo creo: Pequeño catecismo catélico
942 _cLIB
999 _c29692
_d29692